Geography Quiz

Random Geography or City Quiz

Populous Cities in Populous States II Quiz Stats

 Plays Quiz Updated Mar 6, 2019

Score 0/50 Timer 05:00
2 Plays Today
State City % Correct
PennsylvaniaPhiladelphia
95.8%
GeorgiaAtlanta
93.4%
MichiganDetroit
92.8%
PennsylvaniaPittsburgh
92.4%
OhioCleveland
89.8%
OhioColumbus
89.2%
GeorgiaColumbus
89.2%
North CarolinaRaleigh
84.4%
OhioCincinnati
84%
North CarolinaCharlotte
75.8%
MichiganLansing
71.8%
PennsylvaniaHarrisburg
69.5%
OhioAkron
62.3%
GeorgiaSavannah
60.5%
OhioToledo
60.1%
North CarolinaDurham
60.1%
MichiganAnn Arbor
56.6%
OhioDayton
51.7%
PennsylvaniaScranton
50.8%
PennsylvaniaErie
47.2%
MichiganFlint
46.5%
MichiganGrand Rapids
46.3%
North CarolinaGreensboro
43%
GeorgiaAthens
42%
PennsylvaniaAllentown
41.1%
State City % Correct
GeorgiaAugusta
40.6%
North CarolinaWinston-Salem
36.9%
GeorgiaMacon
35.3%
OhioYoungstown
31%
North CarolinaWilmington
29.6%
OhioCanton
26.9%
PennsylvaniaReading
24.2%
PennsylvaniaLancaster
22.3%
North CarolinaFayetteville
20.6%
MichiganWarren
17.3%
MichiganDearborn
17.2%
PennsylvaniaBethlehem
17%
PennsylvaniaAltoona
15.9%
North CarolinaCary
15.4%
North CarolinaGreenville
14.2%
MichiganSterling Heights
11.9%
North CarolinaHigh Point
11.2%
GeorgiaAlbany
8.9%
MichiganLivonia
8.3%
OhioParma
8%
GeorgiaSandy Springs
7.1%
GeorgiaRoswell
6%
OhioLorain
5.5%
GeorgiaJohns Creek
3.4%
MichiganClinton
3.3%

You're not logged in!

Compare scores with friends on all Sporcle quizzes.
OR
Log In

Show Comments

Extras

Top Quizzes Today


Score Distribution

Your Account Isn't Verified!

In order to create a playlist on Sporcle, you need to verify the email address you used during registration. Go to your Sporcle Settings to finish the process.

Report this User

Report this user for behavior that violates our Community Guidelines.

Details: